000 00737cam a2200241 4500
999 _c18287
_d18287
001 3599699
005 20161205104014.0
008 710305s1971 nyua b 001 0 eng
010 _a 70123410
020 _a0132453657
040 _aDLC
_cDLC
_dDLC
050 0 0 _aLB2822.C34 1971
_b.C34
100 1 _aCallahan, Michael G.
245 1 4 _aThe effective school department head
_c[by] Michael G. Callahan.
260 _aWest Nyack, N.Y.,
_bParker Pub. Co.
_c[1971]
300 _a256 p.
_billus.
_c24 cm.
350 _a$8.95
504 _aBibliography: p. 247-248.
650 0 _aHigh school department heads.
906 _a7
_bcbc
_corignew
_d2
_encip
_f19
_gy-gencatlg
942 _2lcc
_cBOOKS
_hLB2822.C34 1971